| 000 | 00803aam a2200277 4500 | ||
|---|---|---|---|
| 005 | 20241022133837.0 | ||
| 008 | 150421b xxu||||| |||| 00| 0 spa d | ||
| 041 | _aspa | ||
| 082 | _a658.3 G969d | ||
| 100 | _aGuizar Montufar, Rafael | ||
| 245 | _aDesarrollo organizacional, principios y aplicaciones | ||
| 260 |
_aMéxico _bMcGraw-Hill _c2008 |
||
| 300 | _a543 páginas | ||
| 650 | _aDESARROLLO ORGANIZACIONAL | ||
| 650 | _aPROCESOS DEL DESARROLLO | ||
| 650 | _aRECOPILACIÓN DE LA INFORMACIÓN | ||
| 650 | _aPROCESOS HUMANOS | ||
| 650 | _aINTERVENCIONES TECNOESTRUCTURALES | ||
| 650 | _aCALIDAD DE VIDA | ||
| 650 | _aSISTEMAS DE RECOMPESA | ||
| 650 | _aADMINISTRACIÓN DEL ESTRÉS | ||
| 650 | _aPLANEACIÓN | ||
| 650 | _aCAMBIO ESTRATEGICO | ||
| 650 | _aEVALUACIÓN | ||
| 942 | _cBK | ||
| 999 |
_c4951 _d4951 |
||